[Event "V. Korchnoi Memorial 2019"]
[Site "St. Petersburg"]
[Date "2019.08.16"]
[Round "3.7"]
[White "Sorokin, Aleksey"]
[Black "Gubajdullin, Alexei"]
[Result "1/2-1/2"]
[WhiteElo "2537"]
[BlackElo "2331"]
[Annotator "ChessBase"]
[PlyCount "121"]
[EventDate "2019.08.13"]
[EventType "swiss"]
[EventCountry "RUS"]
[SourceTitle "playchess.com"]
[Source "ChessBase"]
[SourceQuality "1"]
[TimeControl "5400+30"]

1. d4 {[%emt 0:00:00]} d5 {[%emt 0:00:29]} 2. c4 {[%emt 0:00:08]} e5 {[%emt 0:01:19]} 3. dxe5 {[%emt 0:01:44]} d4 {[%emt 0:00:03]} 4. a3 {[%emt 0:04:02]} Nc6 {[%emt 0:00:36]} 5. e3 {[%emt 0:01:32]} dxe3 {[%emt 0:06:40]} 6. Qxd8+ {[%emt 0:01:04]} Kxd8 {[%emt 0:00:02]} 7. Bxe3 {[%emt 0:00:50]} Nxe5 {[%emt 0:00:14]} 8. Nc3 {[%emt 0:01:23]} Be6 {[%emt 0:02:22]} 9. O-O-O+ {[%emt 0:02:34]} Kc8 {[%emt 0:00:28]} 10. Nf3 {[%emt 0:22:48]} Nxc4 {[%emt 0:04:39]} 11. Bxc4 {[%emt 0:30:52]} Bxc4 {[%emt 0:00:03]} 12. Ne5 {[%emt 0:00:10]} Be6 {[%emt 0:06:31]} 13. Nb5 {[%emt 0:01:04]} b6 {[%emt 0:49:59]} 14. Nc6 {[%emt 0:03:58]} Ne7 {[%emt 0:00:11]} 15. Rd8+ {[%emt 0:02:26]} Kb7 {[%emt 0:00:02]} 16. Rxa8 {[%emt 0:00:47]} Nxc6 {[%emt 0:00:04]} 17. Re8 {[%emt 0:00:58]} Bd7 {[%emt 0:01:10]} 18. Re4 {[%emt 0:00:32]} Na5 {[%emt 0:00:06]} 19. Nc3 {[%emt 0:02:01]} f5 {[%emt 0:07:09]} 20. Rd1 {[%emt 0:02:27]} Bc6 {[%emt 0:03:51]} 21. Rf4 {[%emt 0:01:09]} Bxg2 {[%emt 0:01:38]} 22. Rxf5 {[%emt 0:00:57]} Bh3 {[%emt 0:01:54]} 23. Rf4 {[%emt 0:01:48]} Nc6 {[%emt 0:05:20]} 24. Ne4 {[%emt 0:03:32]} h6 {[%emt 0:02:02]} 25. Ng3 {[%emt 0:01:35]} g5 {[%emt 0:03:55]} 26. Re4 {[%emt 0:02:27]} Bd6 {[%emt 0:00:26]} 27. Rc4 {[%emt 0:03:17]} Rf8 {[%emt 0:00:34]} 28. b4 {[%emt 0:01:26]} Ne5 {[%emt 0:01:11]} 29. Rc3 {[%emt 0:00:18]} Nf3 {[%emt 0:00:32]} 30. Rdd3 {[%emt 0:01:34]} Be5 {[%emt 0:00:37]} 31. Bc5 {[%emt 0:00:48]} Bf4+ {[%emt 0:00:48]} 32. Kb2 {[%emt 0:00:57]} bxc5 {[%emt 0:00:25]} 33. Rxf3 {[%emt 0:00:03]} cxb4 {[%emt 0:00:13]} 34. axb4 {[%emt 0:00:04]} g4 {[%emt 0:00:50]} 35. Rfd3 {[%emt 0:01:07]} Be5 {[%emt 0:00:06]} 36. Ne4 {[%emt 0:00:12]} Bg2 {[%emt 0:00:43]} 37. Nc5+ {[%emt 0:02:13]} Kc8 {[%emt 0:00:07]} 38. Ne6 {[%emt 0:01:21]} Rxf2+ {[%emt 0:00:11]} 39. Kb3 {[%emt 0:00:08]} Bxc3 {[%emt 0:00:29]} 40. Rd8+ {[%emt 0:00:06]} Kb7 {[%emt 0:00:11]} 41. Kxc3 {[%emt 0:00:01]} Bf1 {[%emt 0:01:30]} 42. Rg8 {[%emt 0:00:48]} h5 {[%emt 0:00:44]} 43. Rg6 {[%emt 0:00:02]} Kc8 {[%emt 0:00:31]} 44. Rg7 {[%emt 0:00:21]} Rxh2 {[%emt 0:00:25]} 45. Nc5 {[%emt 0:00:15]} Kd8 {[%emt 0:00:30]} 46. Ne6+ {[%emt 0:00:06]} Kc8 {[%emt 0:00:06]} 47. Nc5 {[%emt 0:00:03]} c6 {[%emt 0:00:51]} 48. Ne4 {[%emt 0:01:28]} Re2 {[%emt 0:00:36]} 49. Nd6+ {[%emt 0:00:24]} Kd8 {[%emt 0:00:09]} 50. Nb7+ {[%emt 0:00:30]} Ke8 {[%emt 0:00:08]} 51. Nd6+ {[%emt 0:00:03]} Kd8 {[%emt 0:00:23]} 52. Nb7+ {[%emt 0:00:04]} Ke8 {[%emt 0:01:22]} 53. Nd6+ {[%emt 0:00:02]} Kf8 {[%emt 0:00:33]} 54. Rf7+ {[%emt 0:00:05]} Kg8 {[%emt 0:00:04]} 55. Rxf1 {[%emt 0:00:06]} h4 {[%emt 0:00:27]} 56. Rg1 {[%emt 0:01:16]} g3 {[%emt 0:00:30]} 57. Nf5 {[%emt 0:00:40]} Rh2 {[%emt 0:00:05]} 58. Nxh4 {[%emt 0:01:43]} Rxh4 {[%emt 0:00:11]} 59. Rxg3+ {[%emt 0:00:06]} Kf7 {[%emt 0:00:07]} 60. Re3 {[%emt 0:00:12]} Kf6 {[%emt 0:00:29]} 61. Re2 {[%emt 0:00:24]} 1/2-1/2

[Event "V. Korchnoi Memorial 2019"]
[Site "St. Petersburg"]
[Date "2019.08.16"]
[Round "3.8"]
[White "Mnatsakanian, Arsen"]
[Black "Iljiushenok, Ilia"]
[Result "0-1"]
[WhiteElo "2310"]
[BlackElo "2533"]
[Annotator "ChessBase"]
[PlyCount "73"]
[EventDate "2019.08.13"]
[EventType "swiss"]
[EventCountry "RUS"]
[SourceTitle "playchess.com"]
[Source "ChessBase"]
[SourceQuality "1"]
[TimeControl "5400+30"]

1. e4 {[%emt 0:00:00]} d6 {[%emt 0:00:00]} 2. d4 {[%emt 0:01:02]} Nf6 {[%emt 0:00:00]} 3. Nc3 {[%emt 0:00:10]} e5 {[%emt 0:00:00]} 4. Nf3 {[%emt 0:05:35]} Nbd7 {[%emt 0:00:00]} 5. Bc4 {[%emt 0:00:17]} Be7 {[%emt 0:00:05]} 6. O-O {[%emt 0:00:37]} O-O {[%emt 0:00:06]} 7. Re1 {[%emt 0:00:59]} c6 {[%emt 0:00:04]} 8. h3 {[%emt 0:01:31]} b5 {[%emt 0:02:54]} 9. Bf1 {[%emt 0:00:34]} Bb7 {[%emt 0:01:54]} 10. a3 {[%emt 0:01:01]} Re8 {[%emt 0:04:12]} 11. Bg5 {[%emt 0:04:29]} a6 {[%emt 0:06:47]} 12. Qd2 {[%emt 0:08:39]} Qc7 {[%emt 0:05:51]} 13. Bh4 {[%emt 0:04:41]} Rad8 {[%emt 0:06:25]} 14. Bg3 {[%emt 0:01:43]} Bf8 {[%emt 0:00:52]} 15. Rad1 {[%emt 0:01:57]} h6 {[%emt 0:03:05]} 16. dxe5 {[%emt 0:01:08]} dxe5 {[%emt 0:00:41]} 17. Qe3 {[%emt 0:01:43]} Nh5 {[%emt 0:10:28]} 18. Bh2 {[%emt 0:00:25]} f6 {[%emt 0:14:31]} 19. Ne2 {[%emt 0:08:17]} g5 {[%emt 0:02:29]} 20. Qb3+ {[%emt 0:04:53]} Kh7 {[%emt 0:02:17]} 21. Nfd4 {[%emt 0:02:51]} Nc5 {[%emt 0:06:01]} 22. Qf3 {[%emt 0:00:11]} Qf7 {[%emt 0:01:40]} 23. Nf5 {[%emt 0:02:05]} Ne6 {[%emt 0:00:53]} 24. a4 {[%emt 0:04:07]} Nc5 {[%emt 0:10:14]} 25. axb5 {[%emt 0:06:37]} cxb5 {[%emt 0:00:04]} 26. Nc3 {[%emt 0:00:04]} Ng7 {[%emt 0:05:16]} 27. Rxd8 {[%emt 0:02:29]} Rxd8 {[%emt 0:01:37]} 28. Ne3 {[%emt 0:00:05]} b4 {[%emt 0:07:25]} 29. Ncd5 {[%emt 0:00:33]} f5 {[%emt 0:00:04]} 30. Bxe5 {[%emt 0:11:51]} Nxe4 {[%emt 0:00:09]} 31. Bc4 {[%emt 0:05:24]} Rxd5 {[%emt 0:02:54]} 32. Ng4 {[%emt 0:03:17]} Nd2 {[%emt 0:02:41]} 33. Qxd5 {[%emt 0:00:19]} Bxd5 {[%emt 0:00:02]} 34. Bxd5 {[%emt 0:00:09]} Qa7 {[%emt 0:00:55]} 35. Nf6+ {[%emt 0:00:05]} Kg6 {[%emt 0:00:04]} 36. Bg8 {[%emt 0:00:24]} h5 {[%emt 0:00:56]} 37. g4 {[%emt 0:01:40]} 0-1

[Event "V. Korchnoi Memorial 2019"]
[Site "St. Petersburg"]
[Date "2019.08.16"]
[Round "3.9"]
[White "Vokhidov, Shamsiddin"]
[Black "Maltsevskaya, Aleksandra"]
[Result "1-0"]
[WhiteElo "2512"]
[BlackElo "2291"]
[Annotator "ChessBase"]
[PlyCount "93"]
[EventDate "2019.08.13"]
[EventType "swiss"]
[EventCountry "RUS"]
[SourceTitle "playchess.com"]
[Source "ChessBase"]
[SourceQuality "1"]
[TimeControl "5400+30"]

1. e4 {[%emt 0:00:00]} c5 {[%emt 0:00:00]} 2. Nf3 {[%emt 0:00:21]} e6 {[%emt 0:00:00]} 3. g3 {[%emt 0:00:53]} Nc6 {[%emt 0:00:15]} 4. Bg2 {[%emt 0:00:07]} d5 {[%emt 0:00:05]} 5. exd5 {[%emt 0:00:05]} exd5 {[%emt 0:00:04]} 6. d4 {[%emt 0:00:07]} Bg4 {[%emt 0:00:46]} 7. O-O {[%emt 0:00:17]} Nf6 {[%emt 0:04:53]} 8. Re1+ {[%emt 0:06:27]} Be7 {[%emt 0:00:12]} 9. dxc5 {[%emt 0:00:28]} O-O {[%emt 0:00:09]} 10. h3 {[%emt 0:00:35]} Bxf3 11. Qxf3 {[%emt 0:00:26]} Bxc5 {[%emt 0:07:26]} 12. Nc3 {[%emt 0:05:22]} Nb4 {[%emt 0:09:19]} 13. Qd1 {[%emt 0:00:41]} d4 {[%emt 0:08:56]} 14. Ne4 {[%emt 0:01:44]} Nxe4 {[%emt 0:02:18]} 15. Rxe4 {[%emt 0:09:06]} d3 {[%emt 0:05:46]} 16. cxd3 {[%emt 0:02:10]} Qxd3 {[%emt 0:06:46]} 17. Be3 {[%emt 0:02:52]} Bxe3 {[%emt 0:10:27]} 18. Rxe3 {[%emt 0:00:18]} Qxd1+ {[%emt 0:00:09]} 19. Rxd1 {[%emt 0:00:02]} Rfd8 {[%emt 0:01:09]} 20. Rxd8+ {[%emt 0:03:02]} Rxd8 {[%emt 0:00:06]} 21. Bxb7 {[%emt 0:01:58]} Nxa2 {[%emt 0:00:09]} 22. Ra3 {[%emt 0:00:20]} Nb4 {[%emt 0:00:09]} 23. Rxa7 {[%emt 0:00:22]} Kf8 {[%emt 0:00:07]} 24. Ra8 {[%emt 0:02:58]} Rxa8 {[%emt 0:00:07]} 25. Bxa8 {[%emt 0:00:02]} Ke7 {[%emt 0:00:10]} 26. Be4 {[%emt 0:00:35]} g6 {[%emt 0:00:22]} 27. f4 {[%emt 0:03:59]} f5 {[%emt 0:06:28]} 28. Bb1 {[%emt 0:00:47]} Kd6 {[%emt 0:00:06]} 29. Kf2 {[%emt 0:00:06]} Kc5 {[%emt 0:00:09]} 30. g4 {[%emt 0:02:18]} fxg4 {[%emt 0:11:22]} 31. hxg4 {[%emt 0:00:10]} Kc4 {[%emt 0:00:14]} 32. Be4 {[%emt 0:00:25]} Kd4 {[%emt 0:05:21]} 33. Kf3 {[%emt 0:00:47]} Na6 {[%emt 0:00:06]} 34. Bc2 {[%emt 0:00:38]} Nb4 {[%emt 0:01:46]} 35. Be4 {[%emt 0:03:48]} Na6 {[%emt 0:00:08]} 36. g5 {[%emt 0:00:58]} Nb8 {[%emt 0:06:18]} 37. Bb1 {[%emt 0:01:22]} Nc6 {[%emt 0:00:52]} 38. Ba2 {[%emt 0:00:07]} Ne7 {[%emt 0:00:06]} 39. Be6 {[%emt 0:02:39]} Kd3 {[%emt 0:00:48]} 40. b3 {[%emt 0:00:48]} Kc3 {[%emt 0:06:32]} 41. Ke4 {[%emt 0:00:16]} Kb4 {[%emt 0:00:06]} 42. Ke5 {[%emt 0:00:12]} Nc6+ {[%emt 0:00:07]} 43. Kd5 {[%emt 0:00:23]} Na7 {[%emt 0:03:25]} 44. Bg8 {[%emt 0:00:26]} Nc8 {[%emt 0:00:58]} 45. Bxh7 {[%emt 0:00:14]} Kxb3 {[%emt 0:00:05]} 46. Ke6 {[%emt 0:00:17]} Kc4 {[%emt 0:00:06]} 47. Bxg6 {[%emt 0:51:32] Kd5+} 1-0

[Event "V. Korchnoi Memorial 2019"]
[Site "St. Petersburg"]
[Date "2019.08.16"]
[Round "3.10"]
[White "Lobanov, Sergei"]
[Black "Postnikov, Artem"]
[Result "1/2-1/2"]
[WhiteElo "2495"]
[BlackElo "2278"]
[Annotator "ChessBase"]
[PlyCount "88"]
[EventDate "2019.08.13"]
[EventType "swiss"]
[EventCountry "RUS"]
[SourceTitle "playchess.com"]
[Source "ChessBase"]
[SourceQuality "1"]
[TimeControl "5400+30"]

1. e4 {[%emt 0:08:40]} c6 {[%emt 0:00:00]} 2. d4 {[%emt 0:00:04]} d5 {[%emt 0:00:00]} 3. Nc3 {[%emt 0:00:04]} dxe4 {[%emt 0:00:24]} 4. Nxe4 {[%emt 0:00:05]} Nf6 {[%emt 0:04:50]} 5. Nxf6+ {[%emt 0:00:07]} exf6 {[%emt 0:00:09]} 6. c3 {[%emt 0:00:06]} Bd6 {[%emt 0:00:16]} 7. Bd3 {[%emt 0:00:05]} O-O {[%emt 0:00:24]} 8. Qc2 {[%emt 0:00:04]} h5 {[%emt 0:00:37]} 9. Ne2 {[%emt 0:00:05]} Qc7 {[%emt 0:01:26]} 10. h3 {[%emt 0:00:07]} Re8 {[%emt 0:02:05]} 11. O-O {[%emt 0:00:06]} Nd7 {[%emt 0:03:02]} 12. Bd2 {[%emt 0:00:05]} Nf8 {[%emt 0:03:06]} 13. c4 {[%emt 0:00:05]} Ne6 {[%emt 0:06:40]} 14. c5 {[%emt 0:04:11]} Bh2+ {[%emt 0:10:46]} 15. Kh1 {[%emt 0:00:04]} Bf4 {[%emt 0:10:57]} 16. Be3 {[%emt 0:09:30]} h4 {[%emt 0:06:13]} 17. b4 {[%emt 0:04:14]} Bxe3 {[%emt 0:06:12]} 18. fxe3 {[%emt 0:01:03]} Ng5 {[%emt 0:01:06]} 19. e4 {[%emt 0:01:15]} Qe7 {[%emt 0:12:09]} 20. Rf4 {[%emt 0:30:06]} Ne6 {[%emt 0:07:16]} 21. Rxh4 {[%emt 0:15:18]} Nxd4 {[%emt 0:05:43]} 22. Nxd4 {[%emt 0:00:19]} Qe5 {[%emt 0:00:04]} 23. Nb3 {[%emt 0:17:31]} Qg3 {[%emt 0:00:24]} 24. Rg4 {[%emt 0:00:18]} Bxg4 {[%emt 0:00:05]} 25. hxg4 {[%emt 0:00:00]} Qxg4 {[%emt 0:00:44]} 26. Rf1 {[%emt 0:00:25]} Rad8 {[%emt 0:01:34]} 27. Kg1 {[%emt 0:03:53]} Qg3 {[%emt 0:01:18]} 28. Nc1 {[%emt 0:00:37]} Qe3+ {[%emt 0:00:28]} 29. Kh2 {[%emt 0:02:46]} Re5 {[%emt 0:00:33]} 30. g3 {[%emt 0:01:25]} a5 {[%emt 0:02:09]} 31. a3 {[%emt 0:01:04]} axb4 {[%emt 0:00:04]} 32. axb4 {[%emt 0:00:01]} Rxe4 {[%emt 0:01:47]} 33. Bxe4 {[%emt 0:00:12]} Rd2+ {[%emt 0:00:05]} 34. Qxd2 {[%emt 0:00:03]} Qxd2+ {[%emt 0:00:06]} 35. Bg2 {[%emt 0:00:09]} Qxb4 {[%emt 0:01:06]} 36. Nd3 {[%emt 0:00:00]} Qd4 {[%emt 0:00:55]} 37. Rd1 {[%emt 0:01:00]} g6 {[%emt 0:03:01]} 38. Bf1 {[%emt 0:00:05]} Qg4 {[%emt 0:00:32]} 39. Rd2 {[%emt 0:01:19]} Qg5 {[%emt 0:00:52]} 40. Rb2 {[%emt 0:00:22]} Qh5+ {[%emt 0:00:56]} 41. Kg2 {[%emt 0:00:04]} Qd5+ {[%emt 0:00:21]} 42. Kf2 {[%emt 0:00:04]} Qd7 {[%emt 0:00:56]} 43. Rb4 {[%emt 0:00:04]} Kg7 {[%emt 0:01:10]} 44. Be2 {[%emt 0:00:02]} Qf5+ {[%emt 0:01:11]} 1/2-1/2

[Event "V. Korchnoi Memorial 2019"]
[Site "St. Petersburg"]
[Date "2019.08.17"]
[Round "4.1"]
[White "Babujian, Levon"]
[Black "Kamsky, Gata"]
[Result "0-1"]
[WhiteElo "2491"]
[BlackElo "2673"]
[Annotator "TA"]
[PlyCount "74"]
[EventDate "2019.08.13"]
[EventType "swiss"]
[EventCountry "RUS"]
[SourceTitle "playchess.com"]
[Source "ChessBase"]
[SourceQuality "1"]

{[%evp 9,74,25,31,17,15,0,0,0,0,-3,0,-12,-8,-7,-8,-25,-8,-39,-26,-21,-19,-39,-37,-37,-34,-41,-47,-53,-68,-56,-41,-30,-42,-42,-58,-89,-133,-205,-130,-138,-123,-184,-135,-168,-177,-161,-147,-229,-235,-306,-326,-314,-294,-318,-322,-348,-320,-739,-738,-695,-677,-773,-763,-763,-763,-757,-744]} 1. d4 d5 2. c4 c6 3. Nc3 Nf6 4. Nf3 a6 5. c5 g6 6. e3 {D15: Slav Defence: 4 Nc3 a6 and gambit lines after 4 Nc3 dxc4} (6. g3 Bg7 7. Bg2 O-O 8. O-O Ne8 9. Bf4 Nc7 10. Qd2 Re8 11. Rad1 Nd7 12. Rfe1 b6 13. cxb6 Nxb6 {1-0 (32) Wang,H (2726)-Antipov,M (2605) Qinhuangdao 2019}) 6... Bg7 7. Be2 O-O 8. O-O {The position is equal.} Bg4 9. b4 Nbd7 10. Bb2 Bxf3 11. Bxf3 e5 12. a4 $146 ({Predecessor:} 12. Qc2 exd4 13. exd4 {½-½ (37) Mirzoev,A (2536)-Akkozov,B (2377) Olomouc 2013}) 12... Re8 13. Qc2 exd4 14. exd4 Nf8 15. Bc1 Ne6 16. Be3 h5 17. b5 Ng4 $36 {[%mdl 2048] Black is more active.} 18. bxc6 bxc6 19. Bxg4 hxg4 20. Ne2 f5 21. Rab1 Qf6 22. Qc1 g5 23. f3 (23. g3 $17) 23... gxf3 24. Rxf3 f4 {And now ...Nf8 would win.} 25. h3 {[#]} (25. Qc2 $17) 25... Nf8 $1 $19 {[%cal Be6f8,Bf8g6,Bg6f4,Bf4e2][%mdl 32]} 26. Nxf4 gxf4 27. Rxf4 Qe6 28. Rb3 {[#]} (28. Rf3 $17 {was called for.}) 28... Rab8 $1 {[%cal Rb8b3]} 29. Rd3 Ng6 30. Rg4 Qf5 31. Rd1 Re4 32. Rg3 Qe6 {Strongly threatening ...Rb3.} 33. Bf2 $2 (33. Qc3) 33... Nf4 {Threatens to win with ...Ne2+.Black is clearly winning.} 34. Kh2 Ne2 35. Qg5 {[%csl Gg3][%cal Rg5g7]} Nxg3 36. Bxg3 Rb2 37. Rf1 {[#]} Ree2 $1 {Accuracy: White = 40%, Black = 94%.} 0-1

[Event "V. Korchnoi Memorial 2019"]
[Site "St. Petersburg"]
[Date "2019.08.17"]
[Round "4.2"]
[White "Chigaev, Maksim"]
[Black "Hamitevici, Vladimir"]
[Result "1-0"]
[WhiteElo "2643"]
[BlackElo "2480"]
[Annotator "RC"]
[PlyCount "97"]
[EventDate "2019.08.13"]
[EventType "swiss"]
[EventCountry "RUS"]
[SourceTitle "playchess.com"]
[Source "ChessBase"]
[SourceQuality "1"]
[TimeControl "5400+30"]

1. e4 {[%emt 0:00:00]} d6 {[%emt 0:03:56]} 2. d4 {[%emt 0:00:00]} Nf6 {[%emt 0:00:03]} 3. f3 {[%emt 0:00:27]} e5 {[%emt 0:06:47]} 4. dxe5 {[%emt 0:00:06]} dxe5 {[%emt 0:00:04]} 5. Qxd8+ {[%emt 0:00:06]} Kxd8 {[%emt 0:00:04]} 6. Bc4 {[%emt 0:00:09]} Ke8 {[%emt 0:01:06]} 7. Ne2 {[%emt 0:07:23]} Nc6 {[%emt 0:03:54]} 8. Be3 {[%emt 0:03:00]} a6 {[%emt 0:03:07]} 9. a3 {[%emt 0:01:51]} Nd7 {[%emt 0:10:50]} 10. Nbc3 {[%emt 0:01:11]} Bc5 {[%emt 0:01:06]} 11. Bd2 {[%emt 0:04:34]} Nb6 {[%emt 0:01:43]} 12. Ba2 {[%emt 0:00:18]} Nd4 {[%emt 0:01:25]} 13. Nxd4 {[%emt 0:00:40]} Bxd4 {[%emt 0:00:37]} 14. O-O-O {[%emt 0:00:15]} Be6 {[%emt 0:02:06]} 15. Nd5 {[%emt 0:17:12]} Rc8 {[%emt 0:26:20]} 16. c3 {[%emt 0:00:50]} c6 {[%emt 0:00:09]} 17. Nc7+ {[%emt 0:01:54]} Rxc7 {[%emt 0:00:05]} 18. Bxe6 {[%emt 0:00:05]} Bc5 {[%emt 0:03:21]} 19. Ba2 {[%emt 0:00:09]} Nc8 {[%emt 0:07:09]} 20. Kc2 {[%emt 0:00:28]} Rd7 {[%emt 0:04:56]} 21. Rhf1 {[%emt 0:11:00]} Bd6 {[%emt 0:05:45]} 22. Rde1 {[%emt 0:00:22]} Re7 {[%emt 0:06:16]} 23. g3 {[%emt 0:00:28]} Bc7 {[%emt 0:02:47]} 24. Bg5 {[%emt 0:03:26]} f6 {[%emt 0:00:16]} 25. Bc1 {[%emt 0:00:16]} Nd6 {[%emt 0:00:37]} 26. Rd1 {[%emt 0:03:09]} Rd7 {[%emt 0:01:34]} 27. Rde1 {[%emt 0:06:15]} Re7 {[%emt 0:00:29]} 28. Be3 {[%emt 0:00:17]} Kd7 {[%emt 0:00:18]} 29. Rd1 {[%emt 0:00:14]} Rd8 {[%emt 0:02:30]} 30. Rd3 {[%emt 0:00:13]} Ke8 {[%emt 0:00:18]} 31. Rfd1 {[%emt 0:00:21]} b6 {[%emt 0:02:25]} 32. Bxb6 {[%emt 0:01:15]} Bxb6 {[%emt 0:00:05]} 33. Rxd6 {[%emt 0:00:10]} Rxd6 {[%emt 0:00:02]} 34. Rxd6 {[%emt 0:00:07]} Rc7 {[%emt 0:00:08]} 35. Bd5 {[%emt 0:00:12]} Bg1 {[%emt 0:02:30]} 36. Rxc6 {[%emt 0:00:07]} Rxc6 {[%emt 0:00:04]} 37. Bxc6+ {[%emt 0:00:07]} Kf7 {[%emt 0:00:05]} 38. h3 {[%emt 0:00:09]} Bf2 {[%emt 0:00:05]} 39. g4 {[%emt 0:01:09]} Kg6 {[%emt 0:00:06]} 40. b4 {[%emt 0:00:49]} Kg5 {[%emt 0:00:12]} 41. Bb7 {[%emt 0:00:12]} a5 {[%emt 0:00:49]} 42. c4 {[%emt 0:00:05]} axb4 {[%emt 0:00:51]} 43. axb4 {[%emt 0:00:05]} Bb6 {[%emt 0:01:49]} 44. c5 {[%emt 0:00:13]} Bd8 {[%emt 0:00:05]} 45. Kd3 {[%emt 0:00:07]} Kf4 {[%emt 0:00:25]} 46. b5 {[%emt 0:00:15]} h5 {[%emt 0:01:12]} 47. gxh5 {[%emt 0:00:21]} Kxf3 {[%emt 0:00:07]} 48. b6 {[%emt 0:00:45]} Kf4 {[%emt 0:00:05]} 49. Bc8 {[%emt 0:00:09]} 1-0

[Event "V. Korchnoi Memorial 2019"]
[Site "St. Petersburg"]
[Date "2019.08.17"]
[Round "4.3"]
[White "Usmanov, Vasily"]
[Black "Zvjaginsev, Vadim"]
[Result "0-1"]
[WhiteElo "2443"]
[BlackElo "2639"]
[Annotator "TA"]
[PlyCount "144"]
[EventDate "2019.08.13"]
[EventType "swiss"]
[EventCountry "RUS"]
[SourceTitle "playchess.com"]
[Source "ChessBase"]
[SourceQuality "1"]

{[%evp 9,144,-2,22,-10,-2,-8,0,0,0,0,0,0,5,-9,-9,-2,-6,-7,13,11,12,0,0,0,0,0,0,0,0,0,0,0,0,1,0,0,0,0,0,0,0,0,0,-18,-18,-18,-10,-14,-7,-20,-25,-43,-26,-38,-38,-30,-29,-24,-20,-17,-15,-34,-28,-42,-8,-63,-76,-117,-108,-188,-73,-73,-71,-70,-70,-72,-38,-38,-38,-38,-38,-157,-156,-360,-366,-320,-350,-316,-311,-529,-313,-309,-312,-552,-551,-568,-572,-545,-487,-462,-462,-504,-466,-1475,-1408,-700,-626,-1505,-1209,-1447,-1311,-1468,-1472,-1331,-1001,-1224,-1001,-1002,-884,-1185,-1185,-971,-777,-2825,-2294,-2683,-2144,-2763,-2280,-29975,-29975,-29982,-29979,-29987,-29988,-29990,-29988]} 1. d4 c5 2. c3 Nf6 3. Nf3 d5 4. e3 Nbd7 5. Nbd2 g6 6. Be2 {D05: Colle System with ...e6} (6. b4 c4 7. Be2 Bg7 8. O-O O-O 9. Qc2 Nb6 10. e4 Nxe4 11. Nxe4 Bf5 12. Nfd2 dxe4 13. Nxe4 {½-½ (51) Artemiev,V (2697)-Gelfand,B (2695) Moscow 2018}) 6... Bg7 7. O-O O-O 8. b3 {The position is equal.} b6 9. Bb2 Bb7 10. c4 e6 11. Rc1 $146 ({Predecessor:} 11. Qc2 Rc8 12. Rac1 cxd4 13. exd4 dxc4 14. bxc4 {0-1 (23) Bezdenezhnykh,L (1479)-Ljashenko,K (2035) Kirov 2014}) 11... Rc8 12. dxc5 Nxc5 13. b4 Ncd7 14. Qa4 a6 {White should prevent ...dxc4.} 15. cxd5 b5 16. Qa3 Nxd5 17. Rxc8 Qxc8 18. Rc1 Qb8 19. Bxg7 Kxg7 20. Qb2+ Kg8 21. a3 Rc8 22. Nb3 (22. e4 {feels hotter.} Rxc1+ 23. Qxc1 N5f6 24. Qc2 Qd6 25. g3) 22... Rxc1+ 23. Qxc1 Qc7 24. Qxc7 Nxc7 25. Nfd2 f5 26. Bf3 Bxf3 27. Nxf3 $11 {[%mdl 4096] Endgame KNN-KNN} Kg7 28. Kf1 Kf6 29. Ke2 e5 30. Nfd2 e4 31. f3 Ke5 32. g4 fxg4 33. Nxe4 gxf3+ 34. Kxf3 Kd5 35. Ned2 Ne5+ 36. Ke2 Nc4 37. Nb1 ({White should try} 37. Nxc4 $1 $11 Kxc4 38. Na5+ Kc3 39. e4) 37... g5 $15 38. Nc3+ Ke5 39. a4 (39. Nc1 $17 {was called for.}) 39... bxa4 (39... Nd5 $1 $19 {[%cal Rd5c3]} 40. Nxd5 bxa4) 40. Nxa4 $17 Nd5 41. Na5 Ncxe3 42. Nc5 Ng4 43. h3 Ngf6 44. Nxa6 Kf4 {Hoping for ...Kg3.} 45. Nc5 {[#]} (45. Kf2 $1 $15) 45... Kg3 $1 46. b5 $2 (46. Ne6 $17 {was worth a try.}) 46... Nc3+ $19 {[%mdl 64] Double Attack} ({Not} 46... Kxh3 47. Ne6 $19) 47. Kf1 {b6 is the strong threat.} Nxb5 48. Ne6 Ne4 ({And not} 48... Kxh3 49. Nxg5+ Kg3 {[#]} 50. Nxh7 $1 $11 {[%mdl 512]}) 49. Nc4 $2 (49. Ke2) 49... Kxh3 50. Ke2 {intending Ke3.} g4 51. Ke3 $2 (51. Ne3) 51... Nbd6 52. Ne5 Kg3 53. Nf4 Nf6 {And now ...Nf5+ would win.} 54. Ne2+ Kh4 55. Nf4 Kg5 {Strongly threatening ...Nf5+.} 56. Ng2 (56. Ned3 $142 Nf5+ 57. Ke2) 56... Nd5+ 57. Kf2 Nf5 58. Kg1 Nh4 59. Ne1 Nb4 60. Kf2 Kf4 61. Nc4 g3+ 62. Ke2 Kg4 63. Ne5+ Kh3 64. Nf7 h5 65. Ng5+ Kg4 66. Ne4 Nd5 67. Nd3 Ng6 68. Kf1 h4 69. Kg1 Ndf4 {Black mates.} 70. Ne1 Ne5 71. Nd2 h3 72. Kh1 Nfd3 {Accuracy: White = 38%, Black = 84%.} 0-1